| 000 | 01565cam a2200277 4500 | ||
|---|---|---|---|
| 001 | L137364 | ||
| 002 | 16471 | ||
| 008 | 070330s2006 xxk f 000 0 eng d | ||
| 020 |
_a0750668446 _a978075066844 |
||
| 035 | _a(Sirsi) u137364 | ||
| 041 | 0 | _aeng | |
| 050 | 0 | 4 | _a725.8 $2 18 |
| 100 | 1 | _aJohn, Gerant | |
| 245 | 0 | 0 |
_aStadia _ba design and development guide |
| 260 |
_aOxford _bArchitectural Press _c2006 |
||
| 300 |
_axiv, 306p. _c27cm. |
||
| 350 | _a34.99 | ||
| 505 | 2 | _aThe stadium as a building type -- The future -- Masterplanning -- External planning -- Form and structure -- Security and anti-terrorism measures -- Activity area -- Sports and multi-purpose use -- Crowd control -- Providing for disabled people -- Spectator viewing -- Private viewing and facilities -- Circulation -- Food and beverage catering -- Toilet provision -- Retail sales and exhibitions -- The media -- Administrative operations -- Facilities for players and officials -- Services -- Maintenance -- Operation and funding -- Sustainable design -- Stadia and tourism | |
| 520 | _aDiscusses the conception, design and development of stadia, and the ways in which stadium development can be made sustainable. Discusses the building processes, materials used, fixtures needed and the management of stadia. Provides case studies of recent international projects. | ||
| 590 | _aKA | ||
| 651 | 4 | _aInternational | |
| 690 | _aPROPERTY-COMMERCIAL PROPERTY-LEISURE PROPERTY-SPORTS PROPERTY-SPORTS FACILITIES | ||
| 700 | 1 | _aSheard, Rod | |
| 700 | 1 | _aVickery, Ben | |
| 942 | _n0 | ||
| 999 |
_c106749 _d106749 |
||